A wonderland of words : (Record no. 749052)
[ view plain ]
| 000 -LEADER | |
|---|---|
| fixed length control field | 00324nam a22001095i 4500 |
| 020 ## - INTERNATIONAL STANDARD BOOK NUMBER | |
| ISBN | 9788119635535 |
| 082 ## - DEWEY DECIMAL CLASSIFICATION NUMBER | |
| Classification number | 823 THA/W |
| 245 02 - TITLE STATEMENT | |
| Title | A wonderland of words : |
| Sub Title | around the word in 101 essays / |
| Statement of responsibility, etc | by Shashi Tharoor. |
| 260 ## - PUBLICATION, DISTRIBUTION, ETC. (IMPRINT) | |
| Place of publication | . - Aleph book company |
| Name of publisher | : New Delhi |
| Year of publication | , 2024 |
| 300 ## - PHYSICAL DESCRIPTION | |
| Number of Pages | xxviii, 442 pages |
| 942 ## - ADDED ENTRY ELEMENTS (KOHA) | |
| Source of classification or shelving scheme | Dewey Decimal Classification |
| Koha item type | Book |
| Withdrawn status | Lost status | Source of classification or shelving scheme | Damaged status | Not for loan | Home Library | Current Location | Date acquired | Full call number | Accession Number | Price effective from | Koha item type | Collection code | Source of acquisition | Cost, normal purchase price |
|---|---|---|---|---|---|---|---|---|---|---|---|---|---|---|
| Dewey Decimal Classification | Dept. of Political Science | Dept. of Political Science | 04/02/2025 | 823 THA/W | POL23722 | 27/05/2025 | Book | |||||||
| Dewey Decimal Classification | Not For Loan | Study Centre Alappuzha, University of Kerala | Study Centre Alappuzha, University of Kerala | 15/09/2025 | 823 THA/W | USCA6431 | 03/11/2025 | Book | Non-fiction | MBC/0333/2025 dated 12/09/2025 | 999.00 |
